Business notes for ship masters / (Record no. 2352)

000 -LEADER
fixed length control field 00413nam a2200157 4500
008 - FIXED-LENGTH DATA ELEMENTS--GENERAL INFORMATION
fixed length control field 200225b ||||| |||| 00| 0 eng d
082 00 - DEWEY DECIMAL CLASSIFICATION NUMBER
Classification number 658.91387
Item number K321
100 ## - MAIN ENTRY--PERSONAL NAME
9 (RLIN) 1932
Personal name Kemp
245 10 - TITLE STATEMENT
Title Business notes for ship masters /
250 ## - EDITION STATEMENT
Edition statement 3rd
260 ## - PUBLICATION, DISTRIBUTION, ETC. (IMPRINT)
Place of publication, distribution, etc London
Name of publisher, distributor, etc Stanford
Date of publication, distribution, etc 1976
300 ## - PHYSICAL DESCRIPTION
Extent 128 p.
650 #0 - SUBJECT ADDED ENTRY--TOPICAL TERM
Topical term or geographic name as entry element Merchant marine--Management
700 ## - ADDED ENTRY--PERSONAL NAME
9 (RLIN) 1933
Personal name Young
942 ## - ADDED ENTRY ELEMENTS (KOHA)
Source of classification or shelving scheme
Item type Books
Holdings
Withdrawn status Lost status Source of classification or shelving scheme Damaged status Not for loan Permanent location Current location Date acquired Full call number Barcode Date last seen Koha item type
          IMU Kolkata IMU Kolkata 2020-02-25 658.91387 K321 04643 2020-02-25 Books
Designed and Maintained by IMU-KC Library, Kolkata Campus © Copyright All Rights Reserved

webs counters

Powered by Koha